All Languages Available on Google Translate - Statistics

General Stats
  • This quiz has been taken 513 times
    114 since last reset
  • The average score is 107 of 246
Answer Stats
Answer % Correct
German
93%
Arabic
90%
English
90%
Spanish
90%
French
89%
French (Canada)
89%
Greek
89%
Russian
89%
Dutch
88%
Finnish
88%
Swedish
88%
Italian
86%
Japanese
86%
Portuguese (Brazil)
86%
Portuguese (Portugal)
86%
Turkish
86%
Chinese (Simplified)
85%
Chinese (Traditional)
85%
Korean
85%
Norwegian
85%
Hindi
84%
Irish
84%
Romani
84%
Serbian
84%
Danish
83%
Lithuanian
83%
Persian
83%
Slovak
83%
Slovenian
83%
Vietnamese
83%
Albanian
81%
Armenian
81%
Bosnian
81%
Bulgarian
81%
Estonian
81%
Latvian
81%
Polish
81%
Scots Gaelic
81%
Ukrainian
81%
Croatian
80%
Ga
80%
Malay
80%
Malay (Jawi)
80%
Thai
80%
Azerbaijani
79%
Kazakh
79%
Czech
78%
Indonesian
78%
Romanian
78%
Uzbek
78%
Belarusian
76%
Hebrew
76%
Hungarian
76%
Khmer
76%
Lao
76%
Turkmen
76%
Catalan
75%
Filipino
75%
Georgian
75%
Macedonian
75%
Bengali
74%
Cantonese
74%
Tajik
74%
Hmong
73%
Icelandic
73%
Kyrgyz
73%
Swahili
73%
Zulu
73%
Afrikaans
71%
Tamil
71%
Urdu
71%
Myanmar (Burmese)
70%
Mongolian
69%
Welsh
69%
Nepali
68%
Pashto
68%
Amharic
66%
Kurdish (Kurmanji)
65%
Kurdish (Sorani)
65%
Latin
65%
Punjabi (Gurmukhi)
65%
Punjabi (Shahmukhi)
65%
Somali
64%
Xhosa
64%
Igbo
63%
Dzongkha
61%
Maori
61%
Sicilian
61%
Basque
60%
Fijian
59%
Gujarati
58%
Maltese
58%
Yiddish
58%
Haitian Creole
56%
Quechua
56%
Tibetan
56%
Javanese
55%
Tongan
55%
Galician
54%
Samoan
54%
Yoruba
53%
Malagasy
50%
Occitan
50%
Sesotho
50%
Tatar
50%
Breton
49%
Hausa
49%
Sami (North)
49%
Corsican
48%
Luxembourgish
48%
Sinhala
48%
Marathi
46%
Oromo
46%
Uyghur
46%
Chechen
45%
Faroese
45%
Frisian
45%
Malayalam
45%
Tswana
45%
Abkhaz
44%
Hawaiian
44%
Marshallese
44%
Ossetian
44%
Tigrinya
44%
Kinyarwanda
43%
Manx
43%
Sindhi
43%
Telugu
43%
Kannada
41%
Seychellois Creole
40%
Esperanto
38%
Guarani
38%
Venetian
38%
Aymara
36%
Afar
34%
Dari
34%
Lombard
34%
Wolof
34%
Assamese
33%
Sanskrit
33%
Silesian
33%
Sundanese
33%
Tok Pisin
33%
Mauritian Creole
30%
Odia (Oriya)
30%
Ndebele (South)
29%
Yucatec Maya
29%
Cebuano
28%
Rundi
28%
Crimean Tatar
26%
Ligurian
26%
Shona
26%
Venda
26%
Balinese
25%
Nahuatl (Eastern Huasteca)
25%
Bambara
24%
Chuvash
24%
Lingala
24%
Buryat
23%
Jamaican Patois
23%
Maithili
23%
Meadow Mari
23%
Shan
23%
Tsonga
23%
Bashkir
21%
Sango
21%
Avar
20%
Bhojpuri
20%
Friulian
20%
Meiteilon (Manipuri)
20%
Acehnese
19%
Fulani
19%
Swati
19%
Tamazight
19%
Tamazight (Tifnagh)
19%
Tetum
19%
Dhivehi
18%
Ilocano
18%
Konkani
18%
Udmurt
18%
Yakut
18%
Luganda
16%
Tahitian
16%
Dinka
15%
Komi
15%
Ewe
14%
Limburgish
14%
Tuvan
14%
Twi
14%
Baluchi
13%
Dogri
13%
Hiligaynon
13%
Kikongo
13%
Mizo
13%
Awadhi
11%
Chamorro
11%
Nuer
11%
Chichewa
10%
Fon
10%
Madurese
10%
Papiamento
10%
Santali
9%
Zapotec
9%
Krio
8%
Luo
8%
Tulu
8%
Waray
8%
Bemba
6%
Bikol
6%
Chuukese
6%
Inuktut (Latin)
6%
Inuktut (Syllabics)
6%
Khasi
6%
Latgalian
6%
Makassar
6%
NKo
6%
Pangasinan
6%
Sepedi
6%
Tiv
6%
Betawi
5%
Dyula
5%
Kalaallisut
5%
Kanuri
5%
Kapampangan
5%
Acholi
4%
Alur
4%
Iban
4%
Jingpo
4%
Kituba
4%
Kokborok
4%
Mam
4%
Nepalbhasa (Newari)
4%
Baoulé
3%
Hakha Chin
3%
Hunsrik
3%
Minang
3%
Ndau
3%
Q'eqchi'
3%
Susu
3%
Batak Karo
1%
Batak Simalungun
1%
Batak Toba
1%
Dombe
1%
Kiga
1%
Tumbuka
1%
Marwadi
0%
No matching quizzes found
Score Distribution
Percent of People with Each Score
Percentile by Number Answered
Your Score History
You have not taken this quiz since the last reset